ESSENTIALS GUIDE FOR PRACTICAL ORTHOPAEDICS (Record no. 18227)

MARC details
000 -LEADER
fixed length control field 00318nam a22001337a 4500
003 - CONTROL NUMBER IDENTIFIER
control field SGT
020 ## - INTERNATIONAL STANDARD BOOK NUMBER
International Standard Book Number 978-81-932450-8-8
082 ## - DEWEY DECIMAL CLASSIFICATION NUMBER
Classification number 617.3
Item number E17S
100 ## - MAIN ENTRY--PERSONAL NAME
Personal name SHARMA, JAYANT
245 ## - TITLE STATEMENT
Title ESSENTIALS GUIDE FOR PRACTICAL ORTHOPAEDICS
260 ## - PUBLICATION, DISTRIBUTION, ETC. (IMPRINT)
Place of publication, distribution, etc INDIAN
Name of publisher, distributor, etc INNOVATIVE PUB
Year of Publication 2017
300 ## - PAGE DESCRIPTION
No. of Pages 637
942 ## - ADDED ENTRY ELEMENTS (KOHA)
Source of classification or shelving scheme Dewey Decimal Classification
Koha item type Books
Holdings
Withdrawn status Lost status Source of classification or shelving scheme Damaged status Not for loan Collection code Home library Current library Shelving location Date acquired SGTU Total Checkouts Full call number Accession No. (Barcode) Date last seen Bill Date Koha item type
    Dewey Decimal Classification   Not For Loan MEDICAL SGT Medical Library SGT Medical Library Reference Book 08/06/2019 SGTU   617.3 E17S FM11392 08/06/2019 08/06/2019 Books